Mein Leben mit Papa und Papa (Titelsatznr. 1356)

[ MARC ]
MARC-Details
000 -LEADER
fixed length control field 02446nam a2200721 cc4500
001 - CONTROL NUMBER
control field 1349264547
003 - CONTROL NUMBER IDENTIFIER
control field DE-101
005 - DATE AND TIME OF LATEST TRANSACTION
control field 20250930111351.0
007 - PHYSICAL DESCRIPTION FIXED FIELD--GENERAL INFORMATION
fixed length control field tu
008 - FIXED-LENGTH DATA ELEMENTS--GENERAL INFORMATION
fixed length control field 241125s2025 gw ||||| |||| 00||||ger
015 ## - NATIONAL BIBLIOGRAPHY NUMBER
National bibliography number 24,N49
Source dnb
016 7# - NATIONAL BIBLIOGRAPHIC AGENCY CONTROL NUMBER
Source DE-101
Record control number 1349264547
020 ## - INTERNATIONAL STANDARD BOOK NUMBER
International Standard Book Number 9783741642067
Terms of availability Broschur : EUR 10.00 (DE), EUR 10.30 (AT)
020 ## - INTERNATIONAL STANDARD BOOK NUMBER
International Standard Book Number 3741642061
024 3# - OTHER STANDARD IDENTIFIER
Standard number or code 9783741642067
035 ## - SYSTEM CONTROL NUMBER
System control number (DE-599)DNB1349264547
035 ## - SYSTEM CONTROL NUMBER
System control number (OCoLC)1474973133
040 ## - CATALOGING SOURCE
Original cataloging agency 1245
Language of cataloging ger
Transcribing agency DE-101
Modifying agency 9999
Description conventions rda
041 ## - LANGUAGE CODE
Language code of text/sound track or separate title ger
Language code of original jpn
044 ## - COUNTRY OF PUBLISHING/PRODUCING ENTITY CODE
ISO country code XA-DE-BW
082 74 - DEWEY DECIMAL CLASSIFICATION NUMBER
Classification number 741.5
Assigning agency DE-101
Edition number 23sdnb
100 0# - MAIN ENTRY--PERSONAL NAME
Authority record control number or standard number (DE-588)1333855117
-- https://d-nb.info/gnd/1333855117
-- (DE-101)1333855117
Personal name Roji
Relator term Verfasser
Relationship aut
Source of heading or term gnd
245 10 - TITLE STATEMENT
Title Mein Leben mit Papa und Papa
Number of part/section of a work 2
Statement of responsibility, etc. Roji
250 ## - EDITION STATEMENT
Edition statement 1. Auflage
264 31 - PRODUCTION, PUBLICATION, DISTRIBUTION, MANUFACTURE, AND COPYRIGHT NOTICE
Place of production, publication, distribution, manufacture Stuttgart
Name of producer, publisher, distributor, manufacturer Panini Manga
Date of production, publication, distribution, manufacture, or copyright notice [2025]
300 ## - PHYSICAL DESCRIPTION
Extent circa 176 Seiten
Dimensions 217 g
336 ## - CONTENT TYPE
Content type term Text
Content type code txt
Source rdacontent
336 ## - CONTENT TYPE
Content type term unbewegtes Bild
Content type code sti
Source rdacontent
337 ## - MEDIA TYPE
Media type term ohne Hilfsmittel zu benutzen
Media type code n
Source rdamedia
338 ## - CARRIER TYPE
Carrier type term Band
Carrier type code nc
Source rdacarrier
653 ## - INDEX TERM--UNCONTROLLED
Uncontrolled term (Produktform)Paperback / softback
653 ## - INDEX TERM--UNCONTROLLED
Uncontrolled term (Zielgruppe)ab 16 Jahre
653 ## - INDEX TERM--UNCONTROLLED
Uncontrolled term (Lesealter)ab 16 Jahre
653 ## - INDEX TERM--UNCONTROLLED
Uncontrolled term (Produktform (spezifisch))Unflipped manga format
653 ## - INDEX TERM--UNCONTROLLED
Uncontrolled term I can't stand being your Childhood Friend
653 ## - INDEX TERM--UNCONTROLLED
Uncontrolled term Romance
653 ## - INDEX TERM--UNCONTROLLED
Uncontrolled term Mangas
653 ## - INDEX TERM--UNCONTROLLED
Uncontrolled term LGBTQIA+
653 ## - INDEX TERM--UNCONTROLLED
Uncontrolled term Lass meine Hand nicht los
653 ## - INDEX TERM--UNCONTROLLED
Uncontrolled term Queer
653 ## - INDEX TERM--UNCONTROLLED
Uncontrolled term Kneel Down and Ask for Love
653 ## - INDEX TERM--UNCONTROLLED
Uncontrolled term Slice of life
653 ## - INDEX TERM--UNCONTROLLED
Uncontrolled term LGBTQ
653 ## - INDEX TERM--UNCONTROLLED
Uncontrolled term Baby
653 ## - INDEX TERM--UNCONTROLLED
Uncontrolled term f25
653 ## - INDEX TERM--UNCONTROLLED
Uncontrolled term Manga
653 ## - INDEX TERM--UNCONTROLLED
Uncontrolled term Shounen Ai
653 ## - INDEX TERM--UNCONTROLLED
Uncontrolled term Therapy Game
653 ## - INDEX TERM--UNCONTROLLED
Uncontrolled term Panini
653 ## - INDEX TERM--UNCONTROLLED
Uncontrolled term Shonen Ai
653 ## - INDEX TERM--UNCONTROLLED
Uncontrolled term Boys Love
653 ## - INDEX TERM--UNCONTROLLED
Uncontrolled term Familie
653 ## - INDEX TERM--UNCONTROLLED
Uncontrolled term Yaoi
653 ## - INDEX TERM--UNCONTROLLED
Uncontrolled term (VLB-WN)1182: Hardcover, Softcover / Belletristik/Comic, Cartoon, Humor, Satire/Manga, Manhwa
655 #7 - INDEX TERM--GENRE/FORM
Authority record control number or standard number (DE-588)4010427-8
-- https://d-nb.info/gnd/4010427-8
-- (DE-101)040104273
Genre/form data or focus term Comic
Source of term gnd-content
700 1# - ADDED ENTRY--PERSONAL NAME
Field link and sequence number 1\p
Personal name Rusch, Benjamin
Relator term Übersetzer
Relationship trl
773 08 - HOST ITEM ENTRY
Enumeration and first page 12
Record control number (DE-101)1333855400
787 08 - OTHER RELATIONSHIP ENTRY
Relationship information In Beziehung stehende Ressource
International Standard Book Number 9783741638107
856 42 - ELECTRONIC LOCATION AND ACCESS
Contact for access assistance X:MVB
Electronic format type text/html
Uniform Resource Identifier <a href="http://deposit.dnb.de/cgi-bin/dokserv?id=44a3c52e69f84beb994c45d75ba06765&prov=M&dok_var=1&dok_ext=htm">http://deposit.dnb.de/cgi-bin/dokserv?id=44a3c52e69f84beb994c45d75ba06765&prov=M&dok_var=1&dok_ext=htm</a>
Materials specified Inhaltstext
883 1# - METADATA PROVENANCE
Field link and sequence number 1\p
Creation process vlb
Creation date 20241125
Assigning or generating agency DE-101
Uniform Resource Identifier https://d-nb.info/provenance/plan#vlb
942 ## - ADDED ENTRY ELEMENTS (KOHA)
Source of classification or shelving scheme Dewey Decimal Classification
Koha item type Manga
Suppress in OPAC No
Exemplare
Withdrawn status Lost status Source of classification or shelving scheme Damaged status Not for loan Home library Current library Shelving location Date acquired Total checkouts Barcode Date last seen Price effective from Koha item type
    Dewey Decimal Classification     Bunte Manga Potsdam Bunte Manga Potsdam Romance - Boy's Love 09/30/2025   1338 09/30/2025 09/30/2025 Manga

Powered by Koha